| 000 | 00356nam a22001457a 4500 | ||
|---|---|---|---|
| 008 | 230606b ||||| |||| 00| 0 eng d | ||
| 020 | _a9780134392790 | ||
| 041 | _aeng | ||
| 080 |
_25TH EDITION _a51 |
||
| 082 | _a51BEC | ||
| 100 | _a23 | ||
| 101 | _aMATE | ||
| 245 |
_aMATHEMATICS FOR ELEMENTARY TEACHERS WITH ACTIVITIES _cBECKMANN.S |
||
| 942 |
_2udc _cBK |
||
| 999 |
_c59919 _d59919 |
||